| 000 -LEADER |
| fixed length control field |
00434cam a22001097a 4500 |
| 008 - FIXED-LENGTH DATA ELEMENTS--GENERAL INFORMATION |
| fixed length control field |
180718b xxu||||| |||| 00| 0 eng d |
| 082 ## - DEWEY DECIMAL CLASSIFICATION NUMBER |
| Classification number |
T19x54115 Ar84 |
| 245 ## - TITLE STATEMENT |
| Title |
Economic survey, Arunachal Pradesh |
| Statement of responsibility, etc. |
by Directorate of Economics and Statistics, Arunachal Pradesh |
| 260 ## - PUBLICATION, DISTRIBUTION, ETC. |
| Place of publication, distribution, etc. |
Shillong |
| Name of publisher, distributor, etc. |
Government of Arunachal Pradesh |
| Date of publication, distribution, etc. |
|
| 500 ## - GENERAL NOTE |
| General note |
Contents: Library has 1982, 1984 |
| 700 ## - ADDED ENTRY--PERSONAL NAME |
| Personal name |
Arunachal Pradesh. Directorate of Economics and Statistics |